[Event "Cheliabinsk Spassky 75 op"]
[Site "Cheliabinsk"]
[Date "2012.02.12"]
[Round "9"]
[White "Pivkin, Anton"]
[Black "Ramzaitsev, Nikolai"]
[Result "1-0"]
[WhiteElo "1780"]
[BlackElo "1701"]
[PlyCount "117"]
[EventDate "2012.01.29"]
[EventType "swiss"]
[EventRounds "9"]
[EventCountry "RUS"]
[SourceTitle "EXT 2014"]
[Source "ChessBase"]
[SourceDate "2013.11.20"]
[SourceVersion "1"]
[SourceVersionDate "2013.11.20"]
[SourceQuality "1"]

1. d4 Nf6 2. e3 e6 3. Bd3 b6 4. f3 Bb7 5. e4 d6 6. c4 Nbd7 7. Ne2 c5 8. d5 exd5 9. cxd5 Be7 10. 0-0 0-0 11. Ng3 g6 12. Nc3 Re8 13. a4 a6 14. Be3 Rc8 15. Qe2 Ra8 16. f4 Qc7 17. f5 Ne5 18. Bg5 Qd8 19. Bd2 Qc7 20. h4 c4 21. Bc2 Nfg4 22. h5 Bh4 23. fxg6 fxg6 24. Bf4 Qc5+ 25. Kh1 Bc8 26. Nd1 Bd7 27. Ra3 b5 28. Qd2 b4 29. Ra1 a5 30. Ne2 b3 31. Bb1 gxh5 32. Bg5 Bxg5 33. Qxg5+ Ng6 34. Ng3 Re5 35. Nf5 Kh8 36. Qxh5 Nf6 37. Qh6 Rg8 38. Nde3 Nxe4 39. Bxe4 Rxe4 40. Rf3 Qc7 41. Rh3 Be8 42. Qg5 Rf8 43. Ng4 Nf4 44. Rf3 Ng6 45. Nf6 Re5 46. Rh3 Rxf5 47. Qxf5 Qg7 48. Nxe8 Rxe8 49. Qf2 Rf8 50. Qd2 Rf5 51. Re1 Ne5 52. Qxa5 Nd3 53. Re8+ Rf8 54. Rxf8+ Qxf8 55. Qc3+ Ne5 56. Rf3 Qh6+ 57. Kg1 Qg6 58. Rg3 Qg7 59. Rxg7 1-0

[Event "Cheliabinsk Spassky 75 op"]
[Site "Cheliabinsk"]
[Date "2012.01.31"]
[Round "2"]
[White "Znamensky, Nikolai"]
[Black "Pivkin, Anton"]
[Result "1-0"]
[WhiteElo "1790"]
[BlackElo "1780"]
[PlyCount "89"]
[EventDate "2012.01.29"]
[EventType "swiss"]
[EventRounds "9"]
[EventCountry "RUS"]
[SourceTitle "EXT 2014"]
[Source "ChessBase"]
[SourceDate "2013.11.20"]
[SourceVersion "1"]
[SourceVersionDate "2013.11.20"]
[SourceQuality "1"]

1. c4 Nf6 2. Nf3 g6 3. Nc3 Bg7 4. g3 b6 5. Bg2 Bb7 6. 0-0 0-0 7. d4 d5 8. cxd5 Nxd5 9. e3 c5 10. Qb3 Nxc3 11. bxc3 Bd5 12. c4 Be4 13. Bb2 Nd7 14. Rfd1 Qc7 15. Rac1 Rad8 16. Ne5 Bxg2 17. Nxd7 Rxd7 18. Kxg2 cxd4 19. exd4 Rfd8 20. d5 Bxb2 21. Qxb2 e6 22. f3 exd5 23. cxd5 Qb7 24. Qe5 Re7 25. Qf6 Red7 26. d6 Qa6 27. Rd2 Qa5 28. Qf4 Re8 29. Rc7 g5 30. Qd4 Qb5 31. Rxd7 Qxd7 32. Qf6 Re6 33. Qxg5+ Kf8 34. Qf4 Kg7 35. Qd4+ f6 36. h4 h5 37. Qf4 Kg6 38. g4 Re5 39. gxh5+ Kf7 40. Qg4 Qxg4+ 41. fxg4 Ke8 42. d7+ Kd8 43. h6 Re7 44. g5 fxg5 45. hxg5 1-0

[Event "Cheliabinsk Spassky 75 op"]
[Site "Cheliabinsk"]
[Date "2012.01.29"]
[Round "1"]
[White "Pivkin, Anton"]
[Black "Volozhanin, Boris"]
[Result "0-1"]
[WhiteElo "1780"]
[BlackElo "1844"]
[PlyCount "62"]
[EventDate "2012.01.29"]
[EventType "swiss"]
[EventRounds "9"]
[EventCountry "RUS"]
[SourceTitle "EXT 2014"]
[Source "ChessBase"]
[SourceDate "2013.11.20"]
[SourceVersion "1"]
[SourceVersionDate "2013.11.20"]
[SourceQuality "1"]

1. d4 Nf6 2. e3 d6 3. f4 g6 4. Nf3 Bg7 5. Bd3 0-0 6. 0-0 c6 7. b3 Qc7 8. Bb2 Nd5 9. Re1 c5 10. c4 Nb4 11. Bf1 N8c6 12. a3 Na6 13. Ra2 e6 14. g3 Ne7 15. Nc3 Bd7 16. Bg2 Rad8 17. e4 cxd4 18. Nb5 Bxb5 19. cxb5 Nc5 20. b4 Nxe4 21. Rxe4 Qc4 22. Ra1 Nf5 23. Bxd4 d5 24. Bf1 dxe4 25. Bxc4 exf3 26. Bxg7 Rxd1+ 27. Rxd1 Kxg7 28. Rd7 Kh6 29. Kf2 Rc8 30. Bd3 Rc3 31. Rxb7 Rxd3 0-1